Lúče na ľade s Hildou Múdrou o rokoch svetovej úrovne čs. krasokorčuliarstva (2)

Bibliographic Details
Main Author: Chovanec, Ján (Author)
Format: Article
Language:Slovak
Subjects:

MARC

LEADER 00000nab a2200000 a 4500
001 vtls000443295
003 SK-MaSNL
005 20260426102659.0
008 160215c1992 xo 0 slo
015 |a SNBRB19rr/mm-uuuuu 
035 |a CL0443425 
040 |a SNKBUCL  |b slo  |c SNKBUCL  |e AACR2 
041 0 |a slo 
044 |a xo  |c SK 
080 |a 796.912.071.4  |2 1981 
080 |a 929 Múdra, Hilda  |2 1981 
100 1 |a Chovanec, Ján  |4 aut  |9 288289 
245 1 0 |a Lúče na ľade  |b s Hildou Múdrou o rokoch svetovej úrovne čs. krasokorčuliarstva  |n (2)  |c Ján Chovanec 
600 1 7 |a Múdra, Hilda,  |d 1926-2021  |2 snkbucl  |9 115711 
650 0 7 |a krasokorčuľovanie  |2 snkbucl  |9 3255 
651 7 |a Slovensko  |2 snkbucl  |9 14231 
651 7 |a Československo  |2 snkbucl  |9 21376 
655 7 |a rozhovory  |2 snkbucl  |9 31831 
655 7 |a články z novín a časopisov  |2 snkbucl  |9 267496 
773 0 |t Slobodný piatok  |g Roč. 3, č. 3 (1992), s. 9 
850 |a Slovenská národná knižnica v Martine  |a MTA001 
852 |a SNK  |b KIS3GCP 
958 |a BX 
958 |a RK 
992 |a RBX 
999 |c 3263152  |d 3265082